| 000 | 00519nam a2200157Ia 4500 | ||
|---|---|---|---|
| 008 | 221007s9999 xx 000 0 und d | ||
| 041 | _aeng | ||
| 082 | _bSUR | ||
| 100 |
_aSurbhi Chandak - 2k151006; Prof. Ranjana Gogate - Guide & Levare Consultants Pvt. Ltd. _9105116 |
||
| 245 | _aIncome Tax Provisions For Individual Assessees With Respect To Salaried Person In India | ||
| 250 | _a2k151006 | ||
| 260 |
_c2015 _bSavitribai Phule Pune University _aPune |
||
| 300 | _a54p | ||
| 440 | _v1 | ||
| 906 | _bReference Books | ||
| 999 |
_c80016 _d80016 |
||